Airbus Quiz - Statistiken

Allgemein
  • Dieses Quiz wurde 299 mal gespielt
  • Das Durchschnittsergebnis liegt bei 11 aus 14
Antwortstatistiken
Reihenfolge Flugzeug % Korrekt
5. A320
98%
10. A380
98%
7. A330
97%
8. A340
96%
9. A350
95%
2. A310
89%
1. A300
88%
4. A319
87%
6. A321
86%
3. A318
84%
11. A220
48%
13. Beluga
43%
12. A400M
38%
14. BelugaXL
21%
Keine übereinstimmenden Quizze gefunden
Verteilung der Resultate
Anzahl Personen mit jedem Resultat
Perzentil nach korrekt beantworteten Fragen
Ihre Resultats-Entwicklung
Sie haben dieses Quiz noch nicht gespielt